Canadian Armed Forces Berets by Colour - Statistics

General Stats
  • This quiz has been taken 11 times
  • The average score is 7 of 11
Answer Stats
Picture Answer % Correct
Air Force
80%
United Nations
80%
CANSOFCOM & SOF
70%
Military Police
70%
Navy / Armoured
70%
Army
60%
Paratroopers
60%
Search and Rescue
50%
Some Artillery, Engineers, Signals & Intelligence
50%
Foot Guards
40%
Multinational Force
30%
No matching quizzes found
Score Distribution
Percent of People with Each Score
Percentile by Number Answered
Your Score History
You have not taken this quiz